000
00282nam a2200109Ia 4500
001
1260242
005
20260417140328.0
008
260417s9999 xx 000 0 und d
020
_a
9786256910805
245
0
_a
Şehirde Köşe Bucak
_c
Cahit Zarifoğlu
260
_b
Ketebe Yayınları
999
_c
1260242
_d
1260242